Computational analysis of transport phenomena and performance of PEMFC /

Bibliographic Details
Main Authors: Sundén, Bengt (Author), Li, Shian (Author), Nanadegani, Fereshteh Salimi (Author)
Corporate Author: ScienceDirect (Online service)
Format: eBook
Language:English
Published: Amsterdam : Elsevier, 2024.
Subjects:
Online Access:Connect to the full text of this electronic book

MARC

Tag First Indicator Second Indicator Subfields
LEADER 00000cam a22000008i 4500
001 in00005774864
005 20260327190426.5
006 m o d
007 cr |||||||||||
008 240625s2024 ne o 000 0 eng d
040 |a UKMGB  |b eng  |e rda  |e pn  |c UKMGB  |d OCLCO  |d YDX  |d OPELS  |d UKAHL  |d N$T 
015 |a GBC478105  |2 bnb 
016 7 |a 300198225  |2 Uk 
020 |a 0443273219  |q ePub ebook 
020 |a 9780443273216  |q (electronic bk.) 
020 |z 9780443273209 
024 8 |a CIPO000104457 
035 |a (OCoLC)1517982426 
050 4 |a TK2933.P76 
082 0 4 |a 621.312429  |2 23 
049 |a TXAM 
100 1 |a Sundén, Bengt,  |e author.  |1 https://isni.org/isni/0000000115955764. 
245 1 0 |a Computational analysis of transport phenomena and performance of PEMFC /  |c Bengt Sundén, Shian Li, Fereshteh Salimi Nanadegani. 
264 1 |a Amsterdam :  |b Elsevier,  |c 2024. 
300 |a 1 online resource (400 pages) 
336 |a text  |b txt  |2 rdacontent 
337 |a computer  |b c  |2 rdamedia 
338 |a online resource  |b cr  |2 rdacarrier 
588 |a Description based on CIP data; resource not viewed. 
650 0 |a Proton exchange membrane fuel cells  |x Reliability. 
650 0 |a Transport theory  |x Mathematics. 
650 6 |a Piles à combustible à membrane échangeuse de protons  |x Fiabilité. 
650 6 |a Théorie du transport  |x Mathématiques. 
655 7 |a Electronic books.  |2 local 
700 1 |a Li, Shian,  |e author. 
700 1 |a Nanadegani, Fereshteh Salimi,  |e author. 
710 2 |a ScienceDirect (Online service) 
776 0 8 |i Print version:  |z 9780443273209 
856 4 0 |u http://proxy.library.tamu.edu/login?url=https://www.sciencedirect.com/science/book/9780443273209  |z Connect to the full text of this electronic book  |t 0 
955 |a Elsevier ScienceDirect 2026-2027 
994 |a 92  |b TXA 
999 f f |i 25c19e68-dbbb-4c19-8c06-ae08beb0e8a3  |s 6eb84227-c07b-48ac-bf50-43b5705f9024  |t 0 
952 f f |a Texas A&M University  |b College Station  |c Electronic Resources  |s www_evans  |d Available Online  |t 0  |e TK2933.P76   |h Library of Congress classification 
998 f f |a TK2933.P76   |t 0  |l Available Online